The Military and Democracy in Asia and the Pacific (Record no. 351375)
[ view plain ]
| 000 -LEADER | |
|---|---|
| fixed length control field | 00639nam a2200121Ia 4500 |
| 008 - FIXED-LENGTH DATA ELEMENTS--GENERAL INFORMATION | |
| fixed length control field | 171212s9999 xx 000 0 und d |
| 020 ## - INTERNATIONAL STANDARD BOOK NUMBER | |
| International Standard Book Number | 9781920942014 |
| 245 ## - TITLE STATEMENT | |
| Statement of responsibility, etc | editor May, Ron;Selochan, Viberto |
| Title | The Military and Democracy in Asia and the Pacific |
| 260 ## - PUBLICATION, DISTRIBUTION, ETC. (IMPRINT) | |
| Name of publisher, distributor, etc | ANU E Press |
| Date of publication, distribution, etc | 2004 |
| 650 ## - SUBJECT ADDED ENTRY--TOPICAL TERM | |
| Topical term or geographic name as entry element | Civil supremacy over the military -- Asia; Civil supremacy over the military Pacific Area; Militarism -- Asia; Militarism -- Pacific Area; Democracy -- Asia; Democracy -- Pacific Area; Asia -- Politics and government; Pacific Area -- Politics and governme |
| 650 ## - SUBJECT ADDED ENTRY--TOPICAL TERM | |
| Topical term or geographic name as entry element | Political Science |
| 856 ## - ELECTRONIC LOCATION AND ACCESS | |
| Uniform Resource Identifier | <a href="www.jstor.org/stable/10.2307/j.ctt2jbj1g">www.jstor.org/stable/10.2307/j.ctt2jbj1g</a> |
| Withdrawn status | Lost status | Damaged status | Home library | Current library | Date acquired | Total Checkouts | Date last seen | Price effective from | Koha item type |
|---|---|---|---|---|---|---|---|---|---|
| College Library | College Library | 12/12/2017 | 12/12/2017 | 12/12/2017 | Curriculum - Based eBooks |